|
|
|
|
| LEADER |
00688nam a22001817a 4500 |
| 082 |
|
|
|a 140
|b BEN/V
|
| 100 |
|
|
|a ബെഞ്ചമിന്ബെയ്ലി
|9 102556
|
| 100 |
|
|
|a Benchamin Baili
|9 102557
|
| 240 |
|
|
|a Vidyasamghraham
|
| 245 |
|
|
|a വിദ്യാസംഗ്രഹം
|
| 250 |
|
|
|a 1st
|
| 260 |
|
|
|a Kottayam;
|b Samuel Nellikkal;
|c 1866
|
| 300 |
|
|
|a 384p.
|
| 650 |
|
|
|a മലയാളം; തത്വശാസ്ത്രം
|9 102559
|
| 650 |
|
|
|a Malayalam; Philosophy
|9 102563
|
| 942 |
|
|
|c BK
|
| 999 |
|
|
|c 77702
|d 77702
|
| 952 |
|
|
|0 0
|1 0
|4 0
|6 140_000000000000000_BEN_V
|7 0
|9 91131
|a MAL
|b MAL
|d 2017-11-25
|e TE050075
|l 0
|o 140 BEN/V
|p MALTE050075
|r 2017-11-25
|w 2017-11-25
|y BK
|